Microeconomic perspectives on the structure and operation of local housing markets (Record no. 80172)

MARC details
000 -LEADER
fixed length control field 00994cab a22002055a 4500
001 - CONTROL NUMBER
control field L143435
008 - FIXED-LENGTH DATA ELEMENTS--GENERAL INFORMATION
fixed length control field 080508e2008 xxk 000 0 eng d
022 ## - INTERNATIONAL STANDARD SERIAL NUMBER
International Standard Serial Number 0627-3037
035 ## - SYSTEM CONTROL NUMBER
System control number (Sirsi) u143435
041 0# - LANGUAGE CODE
Language code of text/sound track or separate title eng
100 1# - MAIN ENTRY--PERSONAL NAME
Personal name Watkins, Craig
245 00 - TITLE STATEMENT
Title Microeconomic perspectives on the structure and operation of local housing markets
260 ## - PUBLICATION, DISTRIBUTION, ETC.
Date of publication, distribution, etc. 2008
490 ## - SERIES STATEMENT
Series statement Housing Studies
Volume/sequential designation 23(2) March 2008, 163-177(14)
520 ## - SUMMARY, ETC.
Summary, etc. Presents a review of economic analysis of local housing markets. Finds a wealth of literature which addresses market processes, and the effect that policies have upon these dynamics. Identifies a surprisingly broad diversity in the methodological approach to such studies. Argues that improvements in statistical analysis have focused attention on neighbourhood segmentation, local market analysis and the market's interplay with local spatial processes.
590 ## - LOCAL NOTE (RLIN)
Local note KA
651 #4 - SUBJECT ADDED ENTRY--GEOGRAPHIC NAME
Geographic name Europe
690 ## - LOCAL SUBJECT ADDED ENTRY--TOPICAL TERM (OCLC, RLIN)
Topical term or geographic name as entry element Residential property
9 (RLIN) 6266
942 ## - ADDED ENTRY ELEMENTS (KOHA)
Suppress in OPAC 0
Holdings
Withdrawn status Lost status Source of classification or shelving scheme Damaged status Not for loan Home library Current library Shelving location Date acquired Total Checkouts Full call number Barcode Date last seen Copy number Price effective from Koha item type
    Dewey Decimal Classification     London London Journal article 08/05/2008   L143435 143435-1001 06/08/2019 1 06/08/2019 Journal article